Natural rubber in bales- Amount of bale coating- Specification and determination. (Record no. 74026)

MARC details
000 -LEADER
fixed length control field 00373nam a2200133Ia 4500
245 #0 - TITLE STATEMENT
Title Natural rubber in bales- Amount of bale coating- Specification and determination.
260 ## - PUBLICATION, DISTRIBUTION, ETC. (IMPRINT)
Year of publication 1975
500 ## - GENERAL NOTE
General note Standard number: ISO 1434
650 ## - SUBJECT ADDED ENTRY--TOPICAL TERM
Topical Term Bale coating
650 ## - SUBJECT ADDED ENTRY--TOPICAL TERM
Topical Term Bales
650 ## - SUBJECT ADDED ENTRY--TOPICAL TERM
Topical Term Natural rubber
942 ## - ADDED ENTRY ELEMENTS (KOHA)
Koha item type Standards
Holdings
Withdrawn status Lost status Damaged status Not for loan Collection code Home library Current library Date acquired Koha item type
      Standards ISO standards RRII Library RRII Library 31/12/2021 Standards